<?xml version="1.0" encoding="UTF-8"?>
<record
    xmlns:xsi="http://www.w3.org/2001/XMLSchema-instance"
    xsi:schemaLocation="http://www.loc.gov/MARC21/slim http://www.loc.gov/standards/marcxml/schema/MARC21slim.xsd"
    xmlns="http://www.loc.gov/MARC21/slim">

  <leader>01367nam a2200337 a 4500</leader>
  <controlfield tag="003">DO-SdBNP</controlfield>
  <controlfield tag="005">20240319121127.0</controlfield>
  <controlfield tag="007">ta</controlfield>
  <controlfield tag="008">110325s2022    dr bd         001 0 spa d</controlfield>
  <datafield tag="020" ind1=" " ind2=" ">
    <subfield code="a">9789945634044</subfield>
  </datafield>
  <datafield tag="040" ind1=" " ind2=" ">
    <subfield code="a">DO-SdBNP</subfield>
    <subfield code="b">spa</subfield>
    <subfield code="c">BNPHU</subfield>
  </datafield>
  <datafield tag="082" ind1=" " ind2=" ">
    <subfield code="b">L666</subfield>
  </datafield>
  <datafield tag="100" ind1=" " ind2=" ">
    <subfield code="a">Levitt, Peggy</subfield>
    <subfield code="9">83008</subfield>
  </datafield>
  <datafield tag="245" ind1="1" ind2="0">
    <subfield code="a">De Ban&#xED; a Boston :</subfield>
    <subfield code="b">construyendo comunidad a trav&#xE9;s de fronteras /</subfield>
    <subfield code="c">Peggy Levitt ; presentaci&#xF3;n Samuel Pereyra Rojas Wilfredo Lozano ; pr&#xF3;logo Rafael Emilio Yun&#xE9;n </subfield>
  </datafield>
  <datafield tag="260" ind1=" " ind2=" ">
    <subfield code="a">Santo Domingo, :</subfield>
    <subfield code="b">Instituto Nacional de Migraci&#xF3;n,</subfield>
    <subfield code="b">Banco de Reservas,</subfield>
    <subfield code="c">2022.</subfield>
  </datafield>
  <datafield tag="300" ind1=" " ind2=" ">
    <subfield code="a">331p. :</subfield>
    <subfield code="b">map., diagr. ;</subfield>
    <subfield code="c">23 cm.</subfield>
  </datafield>
  <datafield tag="490" ind1="1" ind2=" ">
    <subfield code="a">Cl&#xE1;sicos de la Migraci&#xF3;n Dominicana</subfield>
  </datafield>
  <datafield tag="500" ind1=" " ind2=" ">
    <subfield code="a">Incluye datos biogr&#xE1;ficos de la autora en la solapa de la portada. </subfield>
  </datafield>
  <datafield tag="500" ind1=" " ind2=" ">
    <subfield code="a">Incluye &#xCD;ndice de cuadros, graf&#xED;cos, mapas y diagramas</subfield>
  </datafield>
  <datafield tag="500" ind1=" " ind2=" ">
    <subfield code="a">Incluye notas y biograf&#xED;as a pie de paginas. </subfield>
  </datafield>
  <datafield tag="500" ind1=" " ind2=" ">
    <subfield code="a">Incluye &#xED;ndice onom&#xE1;stico. </subfield>
  </datafield>
  <datafield tag="504" ind1=" " ind2=" ">
    <subfield code="a">Bibliograf&#xED;a : p. 299-321</subfield>
  </datafield>
  <datafield tag="590" ind1=" " ind2=" ">
    <subfield code="a">Inventariado, 2022/ YL</subfield>
  </datafield>
  <datafield tag="650" ind1=" " ind2="4">
    <subfield code="a">Trabajadores extranjeros</subfield>
    <subfield code="z">Rep&#xFA;blica Dominicana</subfield>
    <subfield code="9">53854</subfield>
  </datafield>
  <datafield tag="650" ind1=" " ind2="4">
    <subfield code="a">Haitianos en rep&#xFA;blica dominicana</subfield>
    <subfield code="9">2246</subfield>
  </datafield>
  <datafield tag="700" ind1="1" ind2="2">
    <subfield code="a">Pereyra Rojas, Samuel</subfield>
    <subfield code="e">pres.</subfield>
    <subfield code="9">83007</subfield>
  </datafield>
  <datafield tag="700" ind1="1" ind2="2">
    <subfield code="a">Lozano, Wilfredo</subfield>
    <subfield code="e">pres..</subfield>
    <subfield code="9">81507</subfield>
  </datafield>
  <datafield tag="700" ind1="1" ind2="2">
    <subfield code="a">Yun&#xE9;n, Rafael Emilio</subfield>
    <subfield code="d">1952-</subfield>
    <subfield code="e">prol.</subfield>
    <subfield code="9">2304</subfield>
  </datafield>
  <datafield tag="910" ind1=" " ind2=" ">
    <subfield code="a">YLockward</subfield>
  </datafield>
  <datafield tag="942" ind1=" " ind2=" ">
    <subfield code="2">ddc</subfield>
    <subfield code="c">LBS1</subfield>
  </datafield>
  <datafield tag="952" ind1=" " ind2=" ">
    <subfield code="0">0</subfield>
    <subfield code="1">0</subfield>
    <subfield code="2">ddc</subfield>
    <subfield code="5">1</subfield>
    <subfield code="7">0</subfield>
    <subfield code="8">PD</subfield>
    <subfield code="a">BNPHU</subfield>
    <subfield code="b">BNPHU</subfield>
    <subfield code="c">CT</subfield>
    <subfield code="d">2022-11-09</subfield>
    <subfield code="e">Instituto Nacional de Migraci&#xF3;n </subfield>
    <subfield code="l">0</subfield>
    <subfield code="o">L666</subfield>
    <subfield code="p">2022-5945</subfield>
    <subfield code="r">2022-12-07</subfield>
    <subfield code="w">2022-12-07</subfield>
    <subfield code="y">LBS1</subfield>
  </datafield>
  <datafield tag="952" ind1=" " ind2=" ">
    <subfield code="0">0</subfield>
    <subfield code="1">0</subfield>
    <subfield code="2">ddc</subfield>
    <subfield code="5">1</subfield>
    <subfield code="7">0</subfield>
    <subfield code="8">PD</subfield>
    <subfield code="a">BNPHU</subfield>
    <subfield code="b">BNPHU</subfield>
    <subfield code="c">CT</subfield>
    <subfield code="d">2022-11-09</subfield>
    <subfield code="e">Instituto Nacional de Migraci&#xF3;n </subfield>
    <subfield code="l">0</subfield>
    <subfield code="o">L666</subfield>
    <subfield code="p">2022-5946</subfield>
    <subfield code="r">2022-12-07</subfield>
    <subfield code="t">e. 2</subfield>
    <subfield code="w">2022-12-07</subfield>
    <subfield code="y">LBS1</subfield>
  </datafield>
  <datafield tag="952" ind1=" " ind2=" ">
    <subfield code="0">0</subfield>
    <subfield code="1">0</subfield>
    <subfield code="2">ddc</subfield>
    <subfield code="5">6</subfield>
    <subfield code="7">0</subfield>
    <subfield code="8">DS</subfield>
    <subfield code="a">BNPHU</subfield>
    <subfield code="b">BNPHU</subfield>
    <subfield code="c">CT</subfield>
    <subfield code="d">2022-11-09</subfield>
    <subfield code="e">Instituto Nacional de Migraci&#xF3;n </subfield>
    <subfield code="l">0</subfield>
    <subfield code="o">L666</subfield>
    <subfield code="p">2022-5947</subfield>
    <subfield code="r">2022-12-07</subfield>
    <subfield code="t">e. 3</subfield>
    <subfield code="w">2022-12-07</subfield>
    <subfield code="y">LBS1</subfield>
  </datafield>
  <datafield tag="999" ind1=" " ind2=" ">
    <subfield code="c">53093</subfield>
    <subfield code="d">53093</subfield>
  </datafield>
</record>
